000 00521nam a2200193Ia 4500
003 GCL
008 140319s9999 xx 000 0 eng d
040 _aGCL /
_cGCL
082 0 4 _a031
_bS E
100 1 _aSADER, MARION
245 1 0 _aENCYCLOPEDIAS ATLASES AND DICTIONARIES /
_cSADER, MARION
700 1 _aLEWIS, AMY
260 _a[S.N] :
_bR.R. BOWKER COMPANY ،
_c1995
300 _a495 P
650 0 4 _aATLASES, HISTORY
650 0 4 _aENCYCLOPEDIAS - HISTORY
650 0 4 _aDICTIONARIES - HISTORY
942 _2ddc
_cBK
999 _c14770
_d14770